FIFA 21 Top 10 Goalkeepers - Statistics

General Stats
  • This quiz has been taken 786 times
  • The average score is 8 of 10
Answer Stats
Rank Player OVA % Correct
2 Alisson 90
95%
5 Manuel Neuer 89
95%
6 Ederson 88
93%
3 Marc-André ter Stegen 90
93%
1 Jan Oblak 91
92%
4 Thibaut Courtois 89
91%
10 Hugo Lloris 87
77%
8 Keylor Navas 87
75%
7 Samir Handanovic 88
62%
9 Wojciech Szczęsny 87
48%
No matching quizzes found
Score Distribution
Percent of People with Each Score
Percentile by Number Answered
Your Score History
You have not taken this quiz